00446nam a22001337a 4500003000500000038001800005082000800023100001600031245010900047264003500156650003000191700003400221856005700255NUST aNusrat Nadeem a200 aAli, Basit  aEnhanced S-Box Classification Using Machine Learning for Cryptographic Design Optimization/cBasit Ali,  aIslamabad:bSEECS NUST.c2025. aMS- Information Security  aSupervisor: Dr. Mehdi Hussain uhttp://10.250.8.41:8080/xmlui/handle/123456789/55330